| 000 | 00397pab a2200169 454500 | ||
|---|---|---|---|
| 008 | 180718b1997 xxu||||| |||| 00| 0 eng d | ||
| 100 | _aSingh, S.S. | ||
| 245 | _aLokpal Bill, 1996: missing ombudsman | ||
| 260 | _c1997 | ||
| 300 | _ap.31-33 | ||
| 362 | _aJun | ||
| 650 | _aOmbudsman - India | ||
| 650 | _aLokpal - India | ||
| 650 | _aOmbudsman | ||
| 773 | _aPolitics India | ||
| 909 | _a35047 | ||
| 999 |
_c35047 _d35047 |
||